00883nam a2200205 i 450000100060000000300090000600500170001500700030003200800410003510000280007624502330010426000320033730000290036970000340039870000290043270000570046185200210051899900170053995201210055664383ES-MaACL20230906165121.0t|031223s1912 sp ||||1| spa d1 aFoguet, Ramón.95141710aCódigo de las costumbres escritas de Tortosa / cobra comenzada por Ramón Foguet ; continuada por José Foguet Marsal ; con el juicio crítico de Víctor Covian y un trabajo sobre el Libre des Costumes por J.J. Permanyer. aTortosa : bQuerol, c1912. aCXXIV, 530 p. ; c24 cm.1 aFoguet Marsal, José.9514181 aCovián, Victor.9413611 aPermanyer y Ayats, Juan José (d1848-1919)9131031 aES-MaACLjF-1267 c64383d64383 00104070aATENEOMbATENEOMcDEPO2d2008-01-17eSCl0oF-1267p1067466r2023-02-23 00:00:00w2023-02-23yMONOGRAFIA